000 00532nam a22002177a 4500
003 UA-OsUOA
001 47990
007 ta
008 20070827b un ||||| |||| 00| 0 ukr d
090 _a908(477)
_bО-78
942 _cBK
040 _aUA-OsUOA
_bukr
_cUA-OsUOA
_dUA-OsUOA
245 _aОстрожець на сторінках історії
300 _a152 с.
955 _a1
041 _aukr
080 _a908(477)
260 _aЛуцьк
_c2006
650 7 _a908 Краєзнавство
_2UDC
999 _c334091
_d334091